000 00233nam a2200097Ia 4500
001 691088
005 20250826161828.0
008 250824s9999 xx 000 0 und d
245 0 _aLINCOLN OTOBANI
_cÖZLEM YÜKSEL
260 _bHEP KİTAP
999 _c691088
_d691088